000 00845nam a2200241Ia 4500
003 GCL
008 140319s9999 xx 000 0 ara d
020 _a0004518977
040 _aGCL /
_cGCL
082 0 4 _a780.9
_bى ر
100 1 _aيوسف شوقى
245 1 0 _aرسالة الكندى فى خبر صناعة التآليف /
_cيوسف شوقى
700 1 _aالكندى : ابو يوسف يعقوب بن اسحاق بن الصباح
260 _aالقاهرة :
_bدار الكتب المصرية ،
_c1996
300 _a239 , 43ص:
_bايض ؛
_c28 سم
490 _a
650 0 4 _aالالات الموسيقية
650 0 4 _aالموسيقى الشرقية
650 0 4 _aالكندى
650 0 4 _aالتأليف الموسيقى
650 0 4 _aالموسيقى العربية - تاريخ ونقد
942 _2ddc
_cBK
999 _c51830
_d51830